| 000 | 01645nam0a2200349 4500 | ||
|---|---|---|---|
| 001 | RU\NLR\bibl\1491721 | ||
| 005 | 20250616013106.0 | ||
| 010 | _a978-5-382-01057-1 | ||
| 021 |
_aRU _b2010-8065 _9530 |
||
| 035 | _a(NLR Aleph) 001483274 | ||
| 090 |
_a1717045 _c1717046 |
||
| 100 | _a20100205d2009 |||y0rusy50 ca | ||
| 101 | 0 | _arus | |
| 102 | _aRU | ||
| 105 | _aa ||||||||| | ||
| 200 | 1 |
_aАрктическая медицина _eкак сохранить здоровье в условиях холодного климата _fД. Г. Тихонов _gпод ред. засл. деят. науки РФ, засл. проф. ММА, д.м.н. - В. А. Галкина, д.м.н., проф. - М. И. Томского _gРос. акад. мед. наук, Сиб. отд-ние, Якут. науч. центр |
|
| 210 |
_aМосква _cURSS _cЛКИ _dcop. 2009 |
||
| 215 |
_a324 с. _cил., портр. _d22 |
||
| 300 | _aНа 4-й с. обл. авт.: Тихонов Д.Г. - д.м.н., проф., засл. врач РФ, лауреат Гос. премии Респ. Саха | ||
| 320 | _aБиблиогр. в конце гл. | ||
| 606 | 1 |
_aАрктическая медицина _91011445 _3RU\NLR\auth\6667461 |
|
| 686 |
_aР83,0 _2rubbk |
||
| 686 | _aР83 | ||
| 700 | 1 |
_4070 _aТихонов _bД. Г. _cд-р мед. наук _f1950- _gДмитрий Гаврильевич _9138755 _3RU\NLR\AUTH\770138790 |
|
| 801 | 0 |
_aRU _bРГБ _c20100205 _grcr |
|
| 801 | 1 |
_aRU _bРГБ _c20100205 |
|
| 801 | 2 |
_aRU _bNLR _c20100329 _grcr |
|
| 830 | _aавт. по кн. | ||
| 942 | _cBOOK | ||
| 980 | _aNB | ||